Fiction d' auteur? : le discours biographique sur l'auteur de l'Antiquite a nos jours
Αποθηκεύτηκε σε:
| Άλλοι συγγραφείς: | , |
|---|---|
| Μορφή: | Βιβλίο |
| Γλώσσα: | French |
| Δημοσίευση: |
Paris :
Honore Champion,
2001
|
| Θέματα: | |
| Ετικέτες: |
Προσθήκη ετικέτας
Δεν υπάρχουν, Καταχωρήστε ετικέτα πρώτοι!
|
MARC
| LEADER | 00000cam a2200000 i 4500 | ||
|---|---|---|---|
| 001 | 1/35987 | ||
| 008 | 030514s2001 fre d | ||
| 020 | |a 2-7453-0366-X | ||
| 035 | |l 10069978 | ||
| 040 | |a GR-MY-UA |b gre |e aacr | ||
| 041 | 0 | |a fre | |
| 082 | 0 | |a 801.93 | |
| 245 | 1 | 0 | |a Fiction d' auteur? : |b le discours biographique sur l'auteur de l'Antiquite a nos jours / |c textes reunis par Sandrine Dubel, Sophie Rabau |
| 260 | |a Paris : |b Honore Champion, |c 2001 | ||
| 300 | |a 222 p. | ||
| 500 | |a Les textes ici reunis ont ete elabores dans le cadre du seminaire "Theorie litteraire et litterature ancienne" qui s;est tenu de 1992 1995 au Centre d'Etudes Anciennes de l' E.N.S. Ulm. | ||
| 650 | 0 | 0 | |a Biography as a literary form. |
| 700 | 1 | |a Dubel, Sandrine. |4 com | |
| 700 | 1 | |a Rabau, Sophie. |4 com | |
| 852 | |a INST |b RHODES |e 20030514 |h 801.93 FIC |p 005400020523 |q 005400020523 |t BK |y 0 | ||
| 901 | |a BIBL4-2003-2 | ||
| 909 | |a Ρ |b 101745 | ||
| 970 | |a ΚΟΥΛΑΚΙΟΤΗ |b ΛΙΤΣΑ |z 2003/05/14 | ||